000 00302nam a22001217a 4500
999 _c14836
_d14836
020 _a9789350300824
082 _a630.33
_bCHO/AG
100 _aChoudhary, S N
_92059
245 _aAgri-business: marketing and management
260 _aNew Delhi
_bOxford Book Company
_c2012
300 _a288p
942 _cBK